Hatchet / (Registro nro. 10880)

Detalles MARC
000 -LIDER
fixed length control field 00616nam a22002297a 4500
001 - NÚMERO DE CONTROL
Identificador de número de control 000390
003 - IDENTIFICACDOR DE NÚMERO DE CONTROL
control field DO-SdBNP
005 - DATE AND TIME OF LATEST TRANSACTION
control field 20180130103726.0
007 - CAMPOS FIJOS DE DESCRIPCIÓN FÍSICA
fixed length control field 000390
008 - ELEMENTOS DE LONGITUD FIJA
fixed length control field 160714b 1999 nyu ||||| |||| 00| 0 spa d
020 ## - ISBN
International Standard Book Number 059098182X
040 ## - FUENTE DE CATALOGACIÓN
Agencia que crea de manera original el registro BPMSU
Idioma de catalogación spa
Agencia que realiza la transcripción BPMSU
092 ## - LOCALLY ASSIGNED DEWEY DECIMAL CALL NUMBER
Número de clasificación xxxxx
Número de ítem (Cutter) xxxx
100 1# - ASIENTO PRINCIPAL -- NOMBRE PERSONAL
Nombre personal Paulsen, Gary
245 10 - MENCIÓN DE TITULO
Título Hatchet /
Mención de responsabilidad Gary Paulsen.
260 ## - PUBLICACIÓN, DISTRIBUCIÓN, ETC. (PIE DE IMPRENTA)
Lugar de publicación, distribución, etc New York :
Nombre del editor, distribuidor, etc. Scholastic,
Fecha de publicación, distribución, etc 1999.
300 ## - DESCRIPCIÓN FÍSICA
Extensión 195 p. ;
Dimensiones 17 cm.
500 ## - NOTA GENERAL
Nota general "A Newbery honor book"--Cover.<br/>
942 ## - ADDED ENTRY ELEMENTS (KOHA)
Source of classification or shelving scheme Dewey Decimal Classification
Koha item type Libros
945 ## - INFORMACIÓN DE PROCESAMIENTO LOCAL
Información de procesamiento local Invetariado extranjero / 2018 VM
956 ## - LOCAL ELECTRONIC LOCATION AND ACCESS (OCLC)
Método de acceso LOPEREZ
Materiales especificados 10
Enlace 20160714
Campo enlazado y núm. de secuencia BPMSU
Nombre de host 00041
Existencias
Withdrawn status Lost status Source of classification or shelving scheme Damaged status Not for loan Collection code Home library Current library Date acquired Source of acquisition Total Checkouts Barcode Date last seen Price effective from Koha item type
    Dewey Decimal Classification     Colección General Biblioteca Pública Metropolitana Salomé Ureña Biblioteca Pública Metropolitana Salomé Ureña 07/14/2016 FUNDI   BPMSU16070471 07/14/2016 07/14/2016 Libros